[Event "4th IECC"]
[Site "Istanbul TUR"]
[Date "2003.06.05"]
[Round "6"]
[White "Inarkiev,E"]
[Black "Shneider,A"]
[Result "0-1"]
[WhiteElo "2568"]
[BlackElo "2497"]

1.e4 c5 2.Nf3 d6 3.d4 cxd4 4.Nxd4 Nf6 5.Nc3 a6 6.Be3 e5 7.Nb3 Be6 8.f3 Nbd7
9.g4 Nb6 10.g5 Nh5 11.Qd2 Be7 12.O-O-O Rc8 13.Kb1 O-O 14.Rg1 g6 15.Bd3 Qc7
16.Qf2 Nc4 17.Bxc4 Bxc4 18.Bb6 Qb8 19.Qd2 Be6 20.Nc1 Rc6 21.Be3 Rfc8 22.N1e2 Qc7
23.Rc1 Rc4 24.Nd5 Bxd5 25.exd5 Qd7 26.b3 Rh4 27.Rg2 Qh3 28.Rf2 Ng7 29.Re1 Qd7
30.Rg2 Nf5 31.Bf2 Rh3 32.Bg3 Qd8 33.f4 exf4 34.Ng1 Rxg3 35.hxg3 fxg3 36.Nf3 Bf8
37.Re4 h6 38.Nd4 hxg5 39.Ne2 Bg7 40.c3 Qf6 41.Kb2 b5 42.a3 a5 43.Qd3 Rb8
44.b4 axb4 45.axb4 Rc8 46.Rg1 Kh7 47.Kb3 Kg8 48.Rg2 Rb8 49.Rg1 Kh7 50.Rh1+ Kg8
51.Rg1 Qd8 52.Nxg3 Nxg3 53.Qxg3 Rc8 54.Rc1 Qf6 55.Qe3 Rf8 56.Re8 Qf5 57.Rd1 g4
58.Rxf8+ Bxf8 59.Qe2 Qd7 60.Rg1 f5 61.c4 bxc4+ 62.Kxc4 Qc7+ 63.Kb3 Bg7 64.Qc4 Qe7
65.Rg2 Qe3+ 66.Ka4 g3 67.Kb5 f4 68.Re2 Qf3 69.Re8+ Kh7 70.Re7 Kh6 71.Kc6 g2
72.b5 g1=Q 73.b6 Qff2 74.Kd7 Qg4+ 75.Kc7 Qd4 76.Qc6 Bf6 77.Rd7 Qc5 78.Qxc5 dxc5
79.b7 f3 80.b8=Q Qf4+ 81.d6 Qe5 82.Qf8+ Kg5 83.Rf7 Qe6 84.Rh7 Kf5 85.Re7 Qd5
86.Qc8+ Kg5 87.Re3 Qd4 88.Re6 Qa4 89.Rxf6 Qa7+ 90.Kd8 Kxf6 91.d7 Kf7 92.Qc7 Qxc7+
93.Kxc7  0-1

[Event "FSFMA June"]
[Site "Budapest HUN"]
[Date "2003.06.07"]
[Round "1"]
[White "Sallai,K"]
[Black "Gruz,J"]
[Result "1/2-1/2"]
[WhiteElo "2188"]
[BlackElo "2146"]

1.e4 c5 2.Nf3 d6 3.d4 cxd4 4.Nxd4 Nf6 5.Nc3 a6 6.Be3 e5 7.Nb3 Be6 8.Be2 Be7
9.O-O Nbd7 10.a4 O-O 11.Qd2 Qc7 12.Rac1 Rfd8 13.Nd5 Bxd5 14.exd5 Nb6 15.Bxb6 Qxb6
16.a5 Qc7 17.c4 b6 18.Ra1 Rdb8 19.Rfb1 Ne4 20.Qe3 Nc5 21.axb6 Rxb6 22.Na5 Rab8
23.Qd2 Bf6 24.b4 e4 25.Ra3 h6 26.Nc6 Re8 27.Rd1 Nd7 28.Qa2 Qb7 29.Bf1 Qc8
30.Re1 Nb8 31.b5 axb5 32.cxb5 Nd7 33.Kh1 Nc5 34.f3 Qf5 35.Qb1 Qxd5 36.fxe4 Rxe4
37.Nb4 Rxe1 38.Qxe1 Qe6 39.Ra8+ Kh7 40.Qf2 Rb7 41.Nc6 g6 42.h3 Ne4 43.Qe1 Qf5
44.Kg1 Qc5+ 45.Kh2 Be5+ 46.Nxe5 Qxe5+ 47.Kg1 Re7 48.Ra2 Qd4+ 49.Kh2 Re5 50.Qh4 Rf5
51.Qe1 Qe5+ 52.Kg1 Qd4+ 53.Kh2 Qf6 54.Qxe4 Rxf1 55.Re2 h5 56.b6 d5 57.Qb4 Qd8
58.g3 Qf6 59.Qb2 Qf3 60.Rg2 Qd1 61.Rf2 Rh1+ 62.Kg2 Qg1+ 63.Kf3 Rxh3 64.Rg2 Qd1+
65.Ke3 Qg4 66.b7 Rxg3+ 67.Rxg3 Qxg3+ 68.Kd4 Qf4+ 69.Kxd5 Qb8 70.Qb6 h4 71.Kc6 h3
72.Qe3 h2 73.Qh3+ Kg7 74.Qc3+  1/2-1/2

[Event "4th IECC"]
[Site "Istanbul TUR"]
[Date "2003.06.07"]
[Round "8"]
[White "Rytshagov,M"]
[Black "Areshchenko,A"]
[Result "0-1"]
[WhiteElo "2491"]
[BlackElo "2546"]

1.e4 c5 2.Nf3 d6 3.d4 cxd4 4.Nxd4 Nf6 5.Nc3 a6 6.Be3 e5 7.Nb3 Be6 8.f3 h5
9.Nd5 Bxd5 10.exd5 Nbd7 11.c4 Qc7 12.Bd3 g6 13.O-O Bg7 14.Nd2 O-O 15.Ne4 b6
16.Nc3 Nh7 17.Rc1 f5 18.b4 Nhf6 19.h3 Kh7 20.Qd2 Qd8 21.Bg5 Qe8 22.Rce1 Kh8
23.a3 Nh7 24.Be3 Qe7 25.Na4 Rfb8 26.Nc3 Bf6 27.g3 Re8 28.Kg2 Qd8 29.Rc1 Ng5
30.f4 Nf7 31.Be2 Qe7 32.Rfe1 Kg7 33.h4 exf4 34.Bxf4 Be5 35.Bxe5+ Nfxe5 36.Qd4 Rf8
37.Rf1 Kh7 38.Na4 a5 39.Nxb6 Nxb6 40.Qxb6 Nd7 41.Qf2 axb4 42.Rfe1 Rxa3 43.Bxh5 Ne5
44.Bd1 Qd7 45.Bc2 f4  0-1

[Event "CCA Vermont Open"]
[Site "Stratton Mountain USA"]
[Date "2003.06.07"]
[Round "7"]
[White "Firman,N"]
[Black "Rubenchik,R"]
[Result "0-1"]
[WhiteElo "2505"]
[BlackElo "2307"]

1.e4 c5 2.Nf3 d6 3.d4 cxd4 4.Nxd4 Nf6 5.Nc3 a6 6.Be3 e5 7.Nb3 Be6 8.Nd5 Nbd7
9.f3 Bxd5 10.exd5 Be7 11.Be2 O-O 12.O-O Ne8 13.Qd2 a5 14.Rab1 h6 15.f4 a4
16.Nc1 exf4 17.Bxf4 Bg5 18.Nd3 Bxf4 19.Qxf4 Qg5 20.Qxg5 hxg5 21.Rf5 f6 22.c4 Nc7
23.Rff1 Na6 24.b4 axb3 25.axb3 Nac5 26.Nxc5 Nxc5 27.Bg4 g6 28.b4 Ne4 29.Be6+ Kg7
30.Rb2 f5 31.g4 fxg4 32.Rxf8 Rxf8 33.Ra2 Kf6 34.Ra7 Rb8 35.Ra1 g3 36.hxg3 Nxg3
37.c5 Ne2+ 38.Kf2 Nf4 39.Bg4 dxc5 40.d6 Nd3+ 41.Kf3 Ne5+ 42.Kg3 Nxg4 43.Kxg4 cxb4
44.Rd1 b3 45.Rd2 b5 46.d7 Ke7 47.Kxg5 b2 48.Rxb2 Kxd7 49.Kxg6 Ke6  0-1

[Event "FSFMA June"]
[Site "Budapest HUN"]
[Date "2003.06.12"]
[Round "6"]
[White "Keschitz,G"]
[Black "Gruz,J"]
[Result "1-0"]
[WhiteElo "2184"]
[BlackElo "2146"]

1.e4 c5 2.Nf3 d6 3.d4 cxd4 4.Nxd4 Nf6 5.Nc3 a6 6.Be3 e5 7.Nb3 Be7 8.Be2 b5
9.a4 b4 10.Nd5 Nc6 11.Bb6 Qd7 12.Nc7+ Kf8 13.Nxa8 Qb7 14.a5 Qxa8 15.f3 h5
16.Bc4 h4 17.Qd3 Rh5 18.O-O-O Bb7 19.Kb1 Nb8 20.Bc7 Ne8 21.Bxb8 Qxb8 22.Bxa6 Ba8  1-0

[Event "FSFMB June"]
[Site "Budapest HUN"]
[Date "2003.06.13"]
[Round "7"]
[White "Trajber,C"]
[Black "Letay,G"]
[Result "1-0"]
[WhiteElo "2060"]
[BlackElo "2195"]

1.e4 c5 2.Nf3 d6 3.d4 cxd4 4.Nxd4 Nf6 5.Nc3 a6 6.Be3 e5 7.Nb3 Be7 8.f3 Be6
9.Qd2 Nbd7 10.g4 h6 11.O-O-O Qc7 12.Kb1 Nb6 13.Qf2 Nc4 14.Bc1 b5 15.h4 Nd7
16.Nd5 Bxd5 17.exd5 a5 18.f4 a4 19.Na1 exf4 20.Qxf4 Rb8 21.Bd3 Nde5 22.Rdf1 Rf8
23.g5 h5 24.g6 b4 25.Qg3 Na3+ 26.bxa3 bxa3+ 27.Nb3 axb3 28.cxb3 Qc3 29.Bb5+ Rxb5
30.Qxc3  1-0

[Event "ch-RSA"]
[Site "Kempton Park RSA"]
[Date "2003.06.18"]
[Round "8"]
[White "Van den Heever,D"]
[Black "De Villiers,C"]
[Result "1-0"]
[WhiteElo "2035"]
[BlackElo "2335"]

1.e4 c5 2.Nf3 d6 3.d4 cxd4 4.Nxd4 Nf6 5.Nc3 a6 6.Be3 Ng4 7.Bg5 h6 8.Bh4 g5
9.Bg3 Bg7 10.Be2 Ne5 11.Qd2 Nbc6 12.Nb3 Na5 13.Qd5 Nac6 14.O-O Be6 15.Qd2 Na5
16.Nd5 Nac4 17.Qb4 Bxd5 18.exd5 Qb6 19.Qa4+ Qb5 20.Qxb5+ axb5 21.Nd4 Nxb2
22.Bxb5+ Kf8 23.Nf5 Bf6 24.a4 Nbc4 25.Rfe1 Rc8 26.Rab1 Ng6 27.Bxc4 Rxc4 28.Rxb7 Kg8
29.Bxd6 Rxc2 30.Bxe7 Nxe7 31.Nxe7+ Kg7 32.Nf5+ Kg6 33.Ne3 Ra2 34.Ra7 Rb8
35.Ra6 Rb4 36.a5 Rba4 37.Rc6 h5 38.Nc4 Kg7 39.Nd6 Re2 40.Kf1 Rxe1+ 41.Kxe1 Bc3+
42.Rxc3  1-0

[Event "zt 3.2a"]
[Site "Ho Chi Minh City VIE"]
[Date "2003.06.24"]
[Round "5"]
[White "Tirto"]
[Black "Duong The Anh"]
[Result "0-1"]
[WhiteElo "2391"]
[BlackElo "2243"]

1.e4 c5 2.Nf3 d6 3.d4 cxd4 4.Nxd4 Nf6 5.Nc3 a6 6.Be3 e5 7.Nb3 Be6 8.f3 Be7
9.Qd2 O-O 10.O-O-O Qc7 11.g4 Nbd7 12.Kb1 Rfc8 13.h4 b5 14.Bh3 b4 15.Nd5 Bxd5
16.exd5 a5 17.Nc1 a4 18.g5 Nh5 19.Bxd7 Qxd7 20.Qxb4 a3 21.b3 Qf5 22.Qd2 Ng3
23.Rh2 Qxf3 24.Qd3 e4 25.Qd2 Nf1 26.Rxf1 Qxf1 27.h5 Qf5 28.c4 Bxg5 29.h6 Bxe3
30.Qxe3 Qe5 31.Rc2 f5 32.Ne2 Rf8 33.Nf4 g5 34.Rg2 Kh8 35.Ne6 f4 36.Qa7 Rxa7  0-1

[Event "TCh-BIH"]
[Site "Jahorina BIH"]
[Date "2003.06.24"]
[Round "6"]
[White "Kovacevic,A"]
[Black "Ilincic,Z"]
[Result "1/2-1/2"]
[WhiteElo "2536"]
[BlackElo "2557"]

1.e4 c5 2.Nc3 d6 3.Nf3 Nf6 4.d4 cxd4 5.Nxd4 a6 6.Be3 e6 7.Be2 Be7 8.O-O O-O
9.f4 Nc6 10.a4 Bd7 11.Nb3 b6 12.Bf3 Rb8 13.g4 Na5 14.g5 Ne8 15.Nxa5 bxa5
16.b3 f6 17.g6 hxg6 18.f5 gxf5 19.exf5 Nc7 20.fxe6 Bxe6 21.Nd5 Nxd5 22.Bxd5 Bxd5
23.Qxd5+ Rf7 24.Rae1 Qc7 25.Bd4 Qb7 26.Rf5 Qxd5 27.Rxd5 Rc8 28.c4 Rc6 29.Re6 Bf8
30.Rxa5 Rb7 31.Re3 Kf7 32.h4 Be7 33.Kf2 Bd8 34.Rd5 Bb6 35.Ke2 Bxd4 36.Rxd4 Rcb6
37.Rdd3 Rb8 38.Kd2 Rh8 39.Re4 Rh5 40.Red4 Ke6 41.Kc3 Re5 42.b4 a5 43.b5 Re1
44.Rg4 Rb7 45.Rgd4 Rb6 46.Rg3 Rb7 47.Rdd3 Rc1+ 48.Kd4 Rc7 49.Rge3+ Kd7 50.Rc3 Rd1+
51.Red3 Rh1 52.Rh3 Rd1+ 53.Rhd3 Rh1 54.Rh3  1/2-1/2

[Event "2nd NAO GM"]
[Site "Paris FRA"]
[Date "2003.06.24"]
[Round "5"]
[White "Bellaiche,A"]
[Black "Georgiev,Kr"]
[Result "1/2-1/2"]
[WhiteElo "2424"]
[BlackElo "2516"]

1.e4 c5 2.Nf3 d6 3.d4 cxd4 4.Nxd4 Nf6 5.Nc3 a6 6.Be3 e6 7.f3 Be7 8.Qd2 b5
9.O-O-O Bb7 10.g4 Nfd7 11.Kb1 Nc6 12.Nxc6 Bxc6 13.h4 O-O 14.Bg5 Ne5 15.Rh3 f6
16.Bf4 Rc8 17.Qe1 Qc7 18.Ne2 Bd7 19.Nd4 a5 20.Bc1 b4 21.Qe2 a4 22.f4 Nxg4
23.c3 e5 24.Nf5 Bxf5 25.exf5 h5 26.cxb4 d5 27.Rc3 Qd7 28.Qb5 Qxf5+ 29.Bd3 Qe6
30.Bg6 f5 31.Qxd5 Qxd5 32.Rxd5 Rcd8 33.Rxd8 Bxd8 34.fxe5 Nxe5 35.Bxh5 Bxh4
36.Bf4 Bf6 37.Rc5 g6 38.Be2 Re8 39.Bb5 Re7 40.Bxa4 Nd3 41.Rc8+ Kg7 42.Bd2 Re2
43.Rc7+ Kh8 44.Rc8+ Kg7 45.Rc7+ Kh8 46.Bc1  1/2-1/2

[Event "zt 3.2a"]
[Site "Ho Chi Minh City VIE"]
[Date "2003.06.26"]
[Round "7"]
[White "Tirto"]
[Black "Purnama,T"]
[Result "1-0"]
[WhiteElo "2391"]
[BlackElo "2294"]

1.e4 c5 2.Nf3 d6 3.d4 cxd4 4.Nxd4 Nf6 5.Nc3 a6 6.Be3 e5 7.Nb3 Be6 8.f3 Be7
9.Qd2 O-O 10.O-O-O Qc7 11.g4 Rc8 12.Kb1 Nbd7 13.h4 b5 14.h5 h6 15.Nd5 Bxd5
16.exd5 Nb6 17.g5 Nfxd5 18.Bxb6 Nxb6 19.gxh6 Bg5 20.h7+ Kh8 21.Qd3 Nc4 22.h6 g6
23.Bh3 Rd8 24.Be6 fxe6 25.Qxg6 Qe7 26.Rdg1 Bf6 27.Rh2 Rf8 28.Nc1 Qxh7 29.Qg7+ Qxg7
30.hxg7+ Kg8 31.gxf8=Q+ Kxf8 32.Rh7 e4 33.fxe4 Bxb2 34.Rg6 Rc8 35.Nd3 Bd4
36.Rxe6 Kg8 37.Rd7 Rf8 38.Rg6+ Kh8 39.Rh6+ Kg8 40.Rh1 Nd2+ 41.Kc1 Nxe4 42.Re1 Nc3
43.Rxd6 Nxa2+ 44.Kd1 Nc3+ 45.Kd2 Bg7 46.Rxa6 Nd5 47.Rg1 Kh8 48.Rag6 Bc3+
49.Kd1 Kh7 50.R6g5 Ne3+ 51.Ke2 Nf5 52.Rh1+ Nh6 53.Rxb5 Kg7 54.Rg5+ Kf6 55.Rc5 Nf5  1-0

[Event "zt 3.2a"]
[Site "Ho Chi Minh City VIE"]
[Date "2003.06.29"]
[Round "9"]
[White "Paragua,M"]
[Black "Sitanggang,S"]
[Result "1-0"]
[WhiteElo "2500"]
[BlackElo "2397"]

1.e4 c5 2.Nf3 d6 3.d4 cxd4 4.Nxd4 Nf6 5.Nc3 a6 6.Be3 e5 7.Nb3 Be6 8.f3 Be7
9.Qd2 O-O 10.g4 b5 11.g5 b4 12.Ne2 Nh5 13.Ng3 g6 14.Nxh5 gxh5 15.f4 exf4
16.Bxf4 Nc6 17.O-O-O Qb6 18.Be3 Qc7 19.Nd4 Nxd4 20.Bxd4 Rfc8 21.Kb1 a5 22.Rg1 Bf8
23.Bd3 a4 24.Qf2 Be7 25.Bf6 Ra5 26.e5 a3 27.exd6 Bxd6 28.b3 Bxh2 29.Rh1 Bg4
30.Rde1 Bg3 31.Qe3 Bxe1 32.g6 fxg6 33.Bc4+ Qxc4 34.bxc4 Bc3 35.Bxc3 bxc3
36.Rf1 Ra4 37.Qe7 Rb8+ 38.Ka1 Rab4 39.Qf7+ Kh8 40.Qf6+ Kg8 41.c5 Bf5 42.Qxc3 Be6
43.Qxa3 Rc4 44.Qa6 Re4 45.c6 Re8 46.c7 Bc8 47.Qd6 h4 48.Qd5+  1-0

[Event "White Nights"]
[Site "St Petersburg RUS"]
[Date "2003.07.02"]
[Round "4"]
[White "Solovjov,S"]
[Black "Yandarbiev,R"]
[Result "1-0"]
[WhiteElo "2456"]
[BlackElo "2391"]

1.e4 c5 2.Nf3 d6 3.d4 cxd4 4.Nxd4 Nf6 5.Nc3 a6 6.Be3 e5 7.Nb3 Be6 8.f3 Nbd7
9.g4 b5 10.Qd2 h6 11.O-O-O Nb6 12.Qf2 Nfd7 13.Kb1 Rc8 14.Nd5 Bxd5 15.exd5 Nc4
16.Bc1 Be7 17.h4 Qb6 18.Qe1 Qc7 19.Bd3 h5 20.gxh5 Rxh5 21.Qg3 Bf6 22.Qg4 Rh8
23.Bg5 Ke7 24.Rhe1 Kf8 25.Nd2 Nxb2 26.Rc1 Na4 27.Ne4 Bxg5 28.hxg5 Ndc5 29.Nxd6 Rd8
30.Nxf7 Kxf7 31.Qf5+ Kg8 32.Rh1 Nc3+ 33.Ka1 Rxh1 34.Rxh1 e4 35.fxe4 Rf8 36.Qh7+ Kf7
37.Rf1+ Ke8 38.Qg6+ Rf7 39.Rxf7 Qxf7 40.Qc6+ Nd7 41.Qc8+ Ke7 42.Qxc3 Qf4
43.Qxg7+ Kd6 44.Kb2 Qd2 45.a3 b4 46.a4 Kc5 47.Qxd7 Qc3+ 48.Kb1  1-0

[Event "11th Fair Play Trophy"]
[Site "Techirghiol ROM"]
[Date "2003.07.05"]
[Round "5"]
[White "Ciornei,D"]
[Black "Podgurkii,S"]
[Result "0-1"]
[WhiteElo "2216"]
[BlackElo "2151"]

1.e4 c5 2.Nf3 d6 3.d4 cxd4 4.Nxd4 Nf6 5.Nc3 a6 6.Be3 e6 7.Qd2 Be7 8.f3 O-O
9.O-O-O Nc6 10.g4 Nxd4 11.Bxd4 b5 12.g5 Nd7 13.h4 Qa5 14.Kb1 b4 15.Ne2 Ne5
16.Qe3 Nc4 17.Qd3 e5 18.Qxc4 Be6 19.Bb6 Qxb6 20.Qd3 Qa5 21.Nc1 Rfc8 22.Qd2 Rc6
23.Bd3 Rac8 24.Rdg1 Qb6 25.h5 a5 26.g6 fxg6 27.hxg6 h6 28.Rg2 Bf6 29.Ne2 a4
30.f4 exf4 31.Nxf4 Bxa2+ 32.Kxa2 b3+ 33.cxb3 axb3+ 34.Kb1 Qa7 35.Bc4+ Rxc4
36.Qd5+ Kh8 37.Rxh6+ gxh6 38.g7+ Qxg7 39.Qxc4 Rxc4 40.Rxg7 Kxg7  0-1

[Event "26th Open"]
[Site "Barbera del Valles ESP"]
[Date "2003.07.07"]
[Round "3"]
[White "Asis Garagatagli,H"]
[Black "Garcia Martinez,S"]
[Result "1-0"]
[WhiteElo "2156"]
[BlackElo "2380"]

1.e4 c5 2.Nf3 d6 3.d4 cxd4 4.Nxd4 Nf6 5.Nc3 a6 6.Be3 e5 7.Nb3 Be6 8.f3 Be7
9.Qd2 O-O 10.O-O-O Nbd7 11.g4 b5 12.g5 b4 13.Ne2 Ne8 14.h4 a5 15.Kb1 a4 16.Nbc1 Nc7
17.f4 exf4 18.Nxf4 Qb8 19.g6 b3 20.Nxe6 bxa2+ 21.Ka1 fxe6 22.h5 h6 23.Kxa2 Bf6
24.c3 Nc5 25.Bxc5 dxc5 26.Bc4 Qb7 27.Qe2 a3 28.b3 Bxc3 29.Rd7 Qc6 30.Rf7 Rxf7
31.gxf7+ Kxf7 32.Qf3+ Bf6 33.Nd3 Kg8 34.Rg1 Bd4 35.Rg6 Kh8 36.Nf4 Bf6 37.Rxf6 gxf6
38.Nxe6 Ne8 39.Qf4  1-0

[Event "25th Open"]
[Site "Oberwart AUT"]
[Date "2003.07.07"]
[Round "3"]
[White "Fandler,S"]
[Black "Rashkovsky,N"]
[Result "0-1"]
[WhiteElo "2028"]
[BlackElo "2510"]

1.e4 c5 2.Nf3 d6 3.d4 cxd4 4.Nxd4 Nf6 5.Nc3 a6 6.Be3 e5 7.Nb3 Be7 8.f3 Be6
9.Qd2 Nbd7 10.O-O-O O-O 11.g4 Qc7 12.h4 Rfc8 13.h5 d5 14.exd5 Nxd5 15.Nxd5 Bxd5
16.Qf2 Be6 17.Kb1 a5 18.Nc1 a4 19.g5 a3 20.b3 Qc3 21.Nd3 Bc5 22.Bxc5 Rxc5
23.Qd2 Rac8 24.Qxc3 Rxc3 25.Rd2 Kf8 26.Bh3 Bxh3 27.Rxh3 Nc5 28.g6 Nxd3 29.gxh7 Ke7
30.h6 g5 31.h8=Q Rxh8 32.Rxd3 Rxd3 33.cxd3 Kf6 34.Rh2 Kg6 35.Re2 f6 36.Kc2 Rxh6
37.b4 Rh3 38.Re3 g4 39.Kd2 Rxf3 40.Rxf3 gxf3 41.Ke3 f5 42.Kxf3 Kf6 43.Ke3 Ke6
44.d4 e4 45.Kf4 Kd5  0-1

[Event "Open A"]
[Site "Poznan POL"]
[Date "2003.07.07"]
[Round "1"]
[White "Ziolkowski,P"]
[Black "Szelag,M"]
[Result "0-1"]
[WhiteElo "2080"]
[BlackElo "2375"]

1.e4 c5 2.Nf3 d6 3.d4 cxd4 4.Nxd4 Nf6 5.Nc3 a6 6.Be3 e5 7.Nf3 Qc7 8.Bd3 Be7
9.O-O O-O 10.h3 b5 11.Nd2 Nbd7 12.f4 Bb7 13.fxe5 Nxe5 14.Ne2 d5 15.exd5 Nxd5
16.Bf4 Qb6+ 17.Kh1 Ne3 18.Bxe3 Qxe3 19.Ng1 Nxd3 20.cxd3 Qxd3 21.Qe1 Bb4 22.Rd1 Rad8
23.Ngf3 Bxf3 24.Rxf3 Qc2 25.Rf2 Rfe8  0-1

[Event "1st Stage Russian Cup"]
[Site "Tomsk RUS"]
[Date "2003.07.07"]
[Round "4"]
[White "Mikhel,V"]
[Black "Loskutov,O"]
[Result "1-0"]
[WhiteElo "2303"]
[BlackElo "2430"]

1.e4 c5 2.Nf3 d6 3.d4 cxd4 4.Nxd4 Nf6 5.Nc3 a6 6.Be3 e5 7.Nb3 Be6 8.f3 h5
9.Qd2 Nbd7 10.a4 Rc8 11.Be2 Be7 12.O-O h4 13.a5 g6 14.Nd5 Bxd5 15.exd5 Nh5
16.Ra4 Kf8 17.Rb4 Rc7 18.f4 Nxf4 19.Bxf4 exf4 20.Rbxf4 Ne5 21.Nd4 Kg8 22.Nf3 Bg5
23.Nxg5 Qxg5 24.c3 f5 25.Qd4 Kg7 26.c4 Qf6 27.Qf2 Qe7 28.Rd1 Nd7 29.Bd3 Ne5
30.Be2 h3 31.g3 Re8 32.b4 Nf7 33.Bf1 Rec8 34.c5 dxc5 35.d6 Nxd6 36.Qb2+ Kg8
37.Rxd6 Qxd6 38.Bc4+ Kf8 39.Rh4 Qd1+ 40.Kf2 Rc6 41.Rh8+ Ke7 42.Qe5+ Kd7 43.Rh7+  1-0

[Event "ch-BEL"]
[Site "Eupen BEL"]
[Date "2003.07.08"]
[Round "4"]
[White "Gulbas,C"]
[Black "Van der Stricht,G"]
[Result "1/2-1/2"]
[WhiteElo "2340"]
[BlackElo "2450"]

1.e4 c5 2.Nf3 d6 3.d4 cxd4 4.Nxd4 Nf6 5.Nc3 a6 6.Be3 Ng4 7.Bg5 h6 8.Bh4 g5
9.Bg3 Bg7 10.h3 Nf6 11.Be2 Qb6 12.Nb3 Nc6 13.O-O Be6 14.Kh1 Rc8 15.f4 gxf4
16.Bxf4 h5 17.Nd5 Bxd5 18.exd5 Ne5 19.c4 Ne4 20.Qe1 h4 21.Rc1 Bh6 22.Qxh4 Bg7
23.Qe1 Bf6 24.Bf3 Nc5 25.Nxc5 Qxc5 26.Be3 Qc7 27.Be4 Rb8 28.Qe2 Qa5 29.b3 b5
30.c5 dxc5 31.Rxc5 Qb4 32.Bf5 Rd8 33.Rfc1 Qh4 34.Rc8 O-O 35.g3 Qh8 36.Rxd8 Rxd8
37.Kg2 Qg7 38.Rc8 Rxc8 39.Bxc8 Ng6 40.Qg4 Ba1 41.Bxa6 Qb2+ 42.Bf2 Qxa2 43.Bxb5 Qxb3
44.Bc4 Qc2 45.h4 Bg7 46.Qe2 Bf8 47.Qd1  1/2-1/2

[Event "32nd TCh-GRE"]
[Site "Kallithea Chalkidiki GRE"]
[Date "2003.07.09"]
[Round "6"]
[White "Spasov,V"]
[Black "Marjanovic,Slavo"]
[Result "1/2-1/2"]
[WhiteElo "2556"]
[BlackElo "2511"]

1.e4 c5 2.Nf3 d6 3.d4 cxd4 4.Nxd4 Nf6 5.Nc3 a6 6.Be3 e5 7.Nb3 Be6 8.f3 Be7
9.Qd2 Nbd7 10.g4 h6 11.O-O-O b5 12.Kb1 Nb6 13.Qf2 Nc4 14.Bxc4 bxc4 15.Nc5 Qc7
16.N5a4 Rb8 17.h4 Nd7 18.Nd5 Bxd5 19.Rxd5 O-O 20.Nc3 Rb4 21.Ka1 Rfb8 22.Rb1 Qb7
23.b3 Qc6 24.Qd2 R4b7 25.g5 h5 26.Rc1 Nf8 27.Ra5 Ng6 28.Nd5 Bd8 29.Ra4 cxb3
30.cxb3 Qb5 31.Rb4 Qd7 32.Rxb7 Qxb7 33.Qc2 a5 34.Bf2 Ne7 35.Nxe7+ Qxe7 36.Qc6 Kh7
37.Be3 f6 38.Rd1 a4  1/2-1/2

[Event "Open A"]
[Site "Poznan POL"]
[Date "2003.07.09"]
[Round "3"]
[White "Szelag,M"]
[Black "Solodovnichenko,Y"]
[Result "1-0"]
[WhiteElo "2375"]
[BlackElo "2461"]

1.e4 c5 2.Nf3 d6 3.d4 cxd4 4.Nxd4 Nf6 5.Nc3 a6 6.Be3 Nc6 7.Be2 e6 8.O-O Nxd4
9.Qxd4 Be7 10.Rad1 Bd7 11.f4 Bc6 12.a4 O-O 13.b4 Be8 14.e5 dxe5 15.Qxd8 Bxd8
16.Bc5 exf4 17.Bxf8 Kxf8 18.Rxf4 a5 19.b5 Bb6+ 20.Kf1 Rc8 21.Rd3 e5 22.Rxf6 gxf6
23.Nd5 Bd8 24.Ne3 Be7 25.Bg4 Rc7 26.Bf5 h6 27.Ke2 b6 28.c3 Rb7 29.Kf3 Kg7
30.Nd5 Bd8 31.Ke4 Kh8 32.c4 Kg7 33.Rc3 Be7 34.Nxe7 Rxe7 35.c5 bxc5 36.Rxc5 Rb7
37.Kd5 h5 38.Kd6 Bxb5 39.Rxb5 Ra7 40.Be4 Ra6+ 41.Bc6 e4 42.Kc7  1-0

[Event "Andorra"]
[Site "Andorra la Vella AND"]
[Date "2003.07.10"]
[Round "6"]
[White "Ibarra Jerez,JC"]
[Black "Cheparinov,I"]
[Result "1/2-1/2"]
[WhiteElo "2387"]
[BlackElo "2529"]

1.e4 c5 2.Nf3 d6 3.d4 cxd4 4.Nxd4 Nf6 5.Nc3 a6 6.Be3 e5 7.Nf3 Be7 8.Bc4 h6
9.Nh4 Qc7 10.Bb3 Nc6 11.Nf5 Bxf5 12.exf5 Na5 13.Nd5 Nxd5 14.Bxd5 Nc4 15.Qd3 Rc8
16.O-O-O b5 17.Kb1 h5 18.Qe4 Nxe3 19.fxe3 a5 20.Bb7 Rb8 21.Qc6+ Qd7 22.Qxd7+ Kxd7
23.Bd5 Bg5 24.e4 Ke7 25.Rd3 Rhc8 26.a3 b4 27.a4 h4 28.Rhd1 Rb6 29.h3 Rc5
30.Bb3 Bf4 31.Rd5 Be3 32.R5d3 Bd4 33.Rf3 Kf6 34.Rd2 Rc8 35.Bd5 Rh8 36.Ka2 Rh5
37.g4 hxg3 38.Rxg3 Rb8 39.Rdg2 Rh7 40.Kb3 Rbh8 41.c3 bxc3 42.bxc3 Rb8+ 43.Kc2 Bc5
44.Ba2 Rb7 45.Bd5 Rb8 46.Ba2 Ba3 47.Bb3 Rb7 48.Rg1 Rb6 49.R1g2 Rb8 50.Rg1 Rf8
51.Bd5  1/2-1/2

[Event "26th Open"]
[Site "Barbera del Valles ESP"]
[Date "2003.07.10"]
[Round "6"]
[White "Barrientos,S"]
[Black "Pablo Marin,A"]
[Result "0-1"]
[WhiteElo "2245"]
[BlackElo "2419"]

1.e4 c5 2.Nf3 d6 3.d4 cxd4 4.Nxd4 Nf6 5.Nc3 a6 6.Be3 e5 7.Nb3 Be6 8.Qd2 Be7
9.f3 O-O 10.O-O-O Qc7 11.g4 Rc8 12.g5 Nh5 13.Nd5 Bxd5 14.exd5 Nd7 15.Bh3 a5
16.Kb1 a4 17.Nc1 Nf4 18.Bxf4 exf4 19.Bxd7 Qxd7 20.h4 Rc4 21.Nd3 Bd8 22.Nf2 Rac8
23.Ne4 Bb6 24.c3 Be3 25.Qd3 a3 26.b3 R4c7 27.h5 Qe7 28.Rh2 Qe5 29.Rg2 Kh8
30.h6 g6 31.Rc2 f5 32.gxf6 g5 33.Qb5 g4 34.Qb4 Rd7 35.fxg4 Re8 36.Qb5 Red8
37.Qd3 Re8 38.Nd2 Qxf6 39.Nf3 Rde7 40.g5 Qf7 41.Re1 Qh5 42.Nd4 Bd2 43.Rec1 Bxc1
44.Rxc1 Re3 45.Qd2 Qg6+ 46.Ka1 R8e5 47.Nc2 Qd3 48.Qxd3 Rxd3 49.Nxa3 f3  0-1

[Event "25th Open"]
[Site "Oberwart AUT"]
[Date "2003.07.10"]
[Round "6"]
[White "Fogarasi,T"]
[Black "Danner,G"]
[Result "1-0"]
[WhiteElo "2470"]
[BlackElo "2359"]

1.e4 c5 2.Nf3 d6 3.d4 cxd4 4.Nxd4 Nf6 5.Nc3 a6 6.Be3 e5 7.Nb3 Be6 8.Qd2 Be7
9.f4 Ng4 10.f5 Bxb3 11.axb3 Nxe3 12.Qxe3 Bg5 13.Qf2 Nd7 14.Bc4 Nf6 15.Qe2 h5
16.Nd5 Nxd5 17.Bxd5 Qb6 18.c3 h4 19.Kd1 Rc8 20.Ra4 Rc7 21.Kc2 h3 22.g3 Qe3
23.Qxe3 Bxe3 24.Kd3 Bg5 25.Rb4 b5 26.Ra1 Ke7 27.Rxa6 Bc1 28.Rxb5 Bxb2 29.Rb7 Rxb7
30.Bxb7 Bc1 31.Bd5 Rf8 32.Ra7+ Kf6 33.b4 g6 34.b5 gxf5 35.b6 f4 36.gxf4 Bxf4
37.b7  1-0

[Event "25th Open"]
[Site "Oberwart AUT"]
[Date "2003.07.11"]
[Round "7"]
[White "Zufic,M"]
[Black "Cvitan,O"]
[Result "1/2-1/2"]
[WhiteElo "2399"]
[BlackElo "2546"]

1.e4 c5 2.Nf3 d6 3.d4 cxd4 4.Nxd4 Nf6 5.Nc3 a6 6.Be3 e5 7.Nb3 Be6 8.f3 Be7
9.Qd2 O-O 10.O-O-O Nbd7 11.g4 b5 12.Kb1 Qc7 13.g5 Nh5 14.Qf2 Rfb8 15.Nd5 Bxd5
16.exd5 Nb6 17.f4 Nc4 18.fxe5 Nxe3 19.Qxe3 dxe5 20.d6 Bxd6 21.Bg2 e4 22.Bxe4 Re8
23.Qf3 Rad8 24.Bxh7+ Kxh7 25.Qxh5+ Kg8 26.g6 fxg6 27.Qxg6 Qe7 28.Nd4 Bc5
29.Nf5 Qf6 30.Qg4 Rxd1+ 31.Rxd1 Re5 32.Ng3 Qe6 33.Qxe6+ Rxe6 34.c3 Rh6 35.Rd2 Kf7
36.Rg2 Ke6 37.Kc2 Bd6 38.Kd3 Be5 39.b3 Rh4 40.Re2 a5  1/2-1/2

[Event "Open A"]
[Site "Poznan POL"]
[Date "2003.07.11"]
[Round "6"]
[White "Szelag,M"]
[Black "Lagowski,P"]
[Result "1-0"]
[WhiteElo "2375"]
[BlackElo "2389"]

1.e4 c5 2.Nf3 d6 3.d4 cxd4 4.Nxd4 Nf6 5.Nc3 a6 6.Be3 e5 7.Nb3 Be7 8.f3 Be6
9.Qd2 O-O 10.O-O-O Qc7 11.g4 Re8 12.g5 Nh5 13.Nd5 Bxd5 14.exd5 Nd7 15.Bh3 a5
16.Kb1 a4 17.Nc1 a3 18.b3 Nf4 19.Bxd7 Qxd7 20.Bxf4 exf4 21.h4 g6 22.Qxf4 Qc7
23.Qd2 Bf8 24.Ne2 Bg7 25.Ng3 Ra5 26.c4 b5 27.c5 dxc5 28.d6 Qb6 29.d7 Rd8
30.Rhe1 Raa8 31.Qd5 Kf8 32.Ne4 Qa5 33.Qxc5+ Kg8 34.Qc6 Ra6 35.Nf6+ Kh8 36.Re8+ Bf8
37.Qc5 Kg7 38.Qxf8+  1-0

[Event "Open A"]
[Site "Poznan POL"]
[Date "2003.07.12"]
[Round "7"]
[White "Ziolkowski,P"]
[Black "Czuchnicki,J"]
[Result "1/2-1/2"]
[WhiteElo "2080"]
[BlackElo "2004"]

1.e4 c5 2.Nf3 d6 3.d4 cxd4 4.Nxd4 Nf6 5.Nc3 a6 6.Be3 e6 7.f3 b5 8.Qd2 Nbd7
9.g4 Nb6 10.g5 Nfd7 11.b3 Qc7 12.Bd3 Bb7 13.Nce2 Rc8 14.Ng3 g6 15.Nde2 Bg7
16.Bd4 Ne5 17.O-O O-O 18.Qe3 Nbd7 19.h4 Nxd3 20.Bxg7 Kxg7 21.cxd3 Qb6 22.Qxb6 Nxb6
23.Rac1 Rxc1 24.Rxc1 Rc8 25.Rxc8 Nxc8 26.Kf2 f5 27.h5 Kf7 28.h6 b4 29.Ke3 Na7
30.d4 Nb5 31.Nf1 fxe4 32.fxe4 e5 33.d5 Bc8 34.Kf3 Bh3 35.Ne3 Ke7 36.Nc2 a5
37.Ne3 Na3 38.Kf2 Bd7 39.Ke1 Nb1 40.Nc4 a4 41.Ne3 Na3 42.bxa4 Bxa4 43.Nf5+ Kd7
44.Nh4 Bc2 45.Ng3 Bb1 46.Nxg6 Bxa2 47.Nxe5+ dxe5 48.g6 b3 49.gxh7 b2 50.h8=Q b1=Q+
51.Kf2 Nc4 52.Qg7+ Kd6 53.Nf5+ Kc5 54.Qc7+ Kb5 55.Qb7+ Nb6 56.Qc6+ Ka6 57.h7 Qxe4
58.h8=Q Qxf5+ 59.Ke1 Qe4+ 60.Kd2 Qd4+ 61.Kc1 Qe3+ 62.Kc2 Qe2+ 63.Kc1 Qe1+
64.Kc2  1/2-1/2

[Event "103rd ch-SUI"]
[Site "Silvaplana SUI"]
[Date "2003.07.13"]
[Round "4"]
[White "Jenni,F"]
[Black "Nemet,I"]
[Result "1-0"]
[WhiteElo "2508"]
[BlackElo "2425"]

1.e4 c5 2.Nf3 d6 3.d4 cxd4 4.Nxd4 Nf6 5.Nc3 a6 6.Be3 e5 7.Nb3 Be6 8.Qd2 Nbd7
9.f3 b5 10.a4 b4 11.Nd5 Bxd5 12.exd5 Nb6 13.Bxb6 Qxb6 14.a5 Qb7 15.Bc4 Be7
16.Ra4 Rb8 17.Nc1 e4 18.Na2 O-O 19.Nxb4 exf3 20.gxf3 Qd7 21.Nc6 Rxb2 22.O-O Nh5
23.Bxa6 f5 24.Qe3 Rf7 25.Qe6 Bg5 26.Bc8 Qxe6 27.Bxe6 Be3+ 28.Kh1 Rxc2 29.Nd8 g6
30.Nxf7 Kg7 31.a6 f4 32.Bh3  1-0

[Event "BCSA Open"]
[Site "Batumi GEO"]
[Date "2003.07.17"]
[Round "1"]
[White "Aroshidze,L"]
[Black "Askerov,M"]
[Result "1-0"]
[WhiteElo "2393"]
[BlackElo "2063"]

1.e4 c5 2.Nf3 d6 3.d4 cxd4 4.Nxd4 Nf6 5.Nc3 a6 6.Be3 e5 7.Nb3 Be6 8.f3 Nbd7
9.g4 b5 10.g5 b4 11.Ne2 Nh5 12.Qd2 a5 13.Ng3 Nxg3 14.hxg3 Qc7 15.a3 Rc8 16.Ba6 Rb8
17.axb4 axb4 18.f4 Be7 19.f5 Bc4 20.Bxc4 Qxc4 21.Qd3 Rc8 22.Kd2 Bd8 23.Ra6 Qxd3+
24.cxd3 Ke7 25.Rha1 f6 26.R1a4 Rb8 27.Rc6 Rb7 28.Rc4 Bb6 29.Rcxb4 Bxe3+ 30.Kxe3 Rxb4
31.Rxb4 fxg5 32.Na5 Rc8 33.Rb7 h5 34.b4 Rc2 35.Nc4 Kd8 36.Nxd6 Nf6 37.Nf7+ Kc8
38.Nd6+ Kd8 39.d4 Rc3+ 40.Kd2 exd4 41.e5 Nd5 42.Rxg7 Rxg3 43.e6 Rg2+ 44.Ke1  1-0